Κατάλογος Βιβλιοθηκών Mediterranean College

Privatization and Literalization in the Middle East (Record no. 14)

MARC details
000 -LEADER
fixed length control field 01448cam a22002054a 4500
005 - ΗΜΕΡΟΜΗΝΙΑ ΚΑΙ ΩΡΑ ΤΕΛΕΥΤΑΙΑΣ ΕΝΗΜΕΡΩΣΗΣ
Πεδίο ελέγχου 20250605163920.0
008 - FIXED-LENGTH DATA ELEMENTS--GENERAL INFORMATION
Πεδίο ελέγχου σταθερού μήκους 250528s1992 ||||||||||||||||||||||||d
035 ## - SYSTEM CONTROL NUMBER
System control number 14379
020 ## - ISBN
ISBN 253207487
040 ## - ΠΗΓΗ ΚΑΤΑΛΟΓΟΓΡΑΦΗΣΗΣ
Φορέας πρωτότυπης καταλογογράφησης MC Athens Campus Library
Γλώσσα καταλογογράφησης Ελληνικά, Μοντέρνα (1453-)
Modifying agency MC Athens Campus Library
Κανόνες περιγραφικής καταλογογράφησης AACR2
245 1# - ΤΙΤΛΟΣ ΚΑΙ ΔΗΛΩΣΗ ΥΠΕΥΘΥΝΟΤΗΤΑΣ
Τίτλος Privatization and Literalization in the Middle East
260 ## - PUBLICATION, DISTRIBUTION, ETC.
Name of publisher, distributor, etc. Indiana University Press,
Date of publication, distribution, etc. 1992
300 ## - PHYSICAL DESCRIPTION
Extent 246
520 ## - SUMMARY, ETC.
Summary, etc. An international group of specialists take stock of the problems and prospects for privatization of state-run economies and other liberalization efforts in a wide range of countries throughout the Middle East and North Africa. Preface, Privatization: The Issue and Prospects and the Fears, Extra-State Actors and Privatization in Egypt, Privatization in Egypt: The Regional Dimensions, Egypt's Liberalization Experience and Its Impact on State-Owned Enterprises, Labor as an Obstacle to Privatization: The Case of Egypt, Constraints to Privatization in Turkey, Divergent Modes of Economic Liberalization in Syria and Iraq, Economic Liberalization in Oil-Exporting Countries: Iraq and Saudi Arabia, Economic and Political Liberalization in a Rentier Economy: The Case of the Hashemite Kingdom of Jordan, Breaking with Socialism: Economic Liberalization and Privatization in Algeria, Privatization and Development in Tunisia, Index.
700 1# - ΠΡΟΣΘΕΤΗ ΑΝΑΓΡΑΦΗ--ΦΥΣΙΚΟ ΠΡΟΣΩΠΟ
Personal name Harik Iliya
9 (RLIN) 19
700 1# - ΠΡΟΣΘΕΤΗ ΑΝΑΓΡΑΦΗ--ΦΥΣΙΚΟ ΠΡΟΣΩΠΟ
Personal name Sullivan J. Dennis
9 (RLIN) 20
942 ## - ADDED ENTRY ELEMENTS (KOHA)
Koha item type Books
Holdings
Τύπος τεκμηρίου Βιβλιοθήκη Τρέχουσα τοποθεσία Barcode Αριθμός εισαγωγής Ημερομηνία απόκτησης Ταξιθετικό σύμβολο Αριθμός αντιτύπου Κατάσταση απόσυρσης Κατάσταση χαμένου Κατάσταση κατεστραμμένου Μη δανεισμός Σύνολο δανεισμών Ημερομηνία τελευταίας εμφάνισης Η τιμή ισχύει από
Books MC Athens Campus Library MC Athens Campus Library 9780000000132 1104 05/06/2025 338.956 HAR 1           05/06/2025 05/06/2025

MC Athens Campus Library
Πατησίων 94 & Κοδριγκτώνος 13, 104 34
Πελλήνης 8 & Πατησίων 107, 112 51
Τ: +30 210 8899600

MC Thessaloniki Campus Library
Ίωνος Δραγούμη 21, 54625 | Ίωνος Δραγούμη 15, 54625
Τ: +30 2310 287779 – Τ: +30 2314 440300